000 00520nam a2200193 a 4500
001 1770711733747
003 YourLibrary
005 20260210141047.0
008 260210s2005##################000#0#eng##
020 _a9780521836067
082 0 4 _a306.44089
_bCOU
100 1 _aCoulmas, Florian,
_eauthor.
245 1 0 _aSociolinguistics :
260 _bCambridge University Press,
_c2005.
300 _a280 pages
650 0 _aLanguage Arts & Disciplines.
942 _cENGLISH
040 _aYourLibrary
_beng
_cYourLibrary
999 _c611298
_d611298